Skin (Record no. 289618)

MARC details
000 -LEADER
fixed length control field 00593nam a2200217Ia 4500
008 - FIXED-LENGTH DATA ELEMENTS--GENERAL INFORMATION
fixed length control field 191130s2007##################000#0#eng##
020 ## - INTERNATIONAL STANDARD BOOK NUMBER
ISBN 9781416524922
082 ## - DEWEY DECIMAL CLASSIFICATION NUMBER
Classification number 813.6 TAB
100 ## - MAIN ENTRY--AUTHOR NAME
Personal name Tabke, Karin
245 ## - TITLE STATEMENT
Title Skin
Statement of responsibility, etc Karin Tabke
260 ## - PUBLICATION, DISTRIBUTION, ETC. (IMPRINT)
Place of publication New York
Name of publisher Pocket Books
Year of publication 2007
300 ## - PHYSICAL DESCRIPTION
Number of Pages 356 p. ; 21 cm
650 ## - SUBJECT ADDED ENTRY--TOPICAL TERM
Topical Term Mafia -- United States -- Fiction
Topical Term Models (Persons) -- Fiction
Topical Term Women's periodicals -- Fiction
991 ## -
-- 406349
Holdings
Withdrawn status Lost status Damaged status Not for loan Home library Current library Date acquired Full call number Accession Number Price effective from Koha item type
        Anna Centenary Library Anna Centenary Library 15.10.2020 813.6 TAB 447272 15.10.2020 English Books

Find us on the map